01517nam a2200229Ia 4500001000400000008004100004010000700045041001400052082001200066245003900078260001100117300000800128520000700136630002700143630002800170630002600198630003500224650002200259700002600281700003900307520094100346107241029s9999 xx 000 0 und d a89 aEspañol aped-153 0aEl realismo mágico en el cuento. aDuarte a101 a26 aAnálisis Semántico aComprensión de Textos aComprensión Lectora aLenguaje y Lenguas-Enseñanza aLengua Española easesoraCuevas, Julio eautoraHenríquez Severino, Pablo aEn la presente investigación se identifican los rasgos centrales del realismo mágico en el cuento "Dos Pesos De Agua", de Juan Bosch. Dichos rasgos se encuentran en las creencias religiosas, en los poderes divinos en los que creen los personajes del relato, en la brujería, y en otros elementos más de la cultura popular dominicana.Para la realización de este trabajo, se parte de las obras principales de los escritores que más han trabajados el realismo mágico como expresión literaria en Hispanoamérica.Se relaciona el tema del realismo mágico con otras expresiones literarias, como: lo mítico-legendario, lo fantástico, lo sobrenatural religioso, lo insólito y otras expresiones más. Con la finalidad de enriquecer la investigación a luz de los propósitos planteados.En los objetivos se determinan los rasgos del realismo mágico y otras manifestaciones encontradas durante el análisis del relato.